Zamestnanosť v cestovnom ruchu Slovenska
Možnosti rozvoja cestovného ruchu, ktorý predpokladá tvorbu nových pracovných miest. Nezamestnanosť v cestovnom ruchu na Slovensku a jej prejavy v rôznych podobách.
Guardado en:
| Autor principal: | |
|---|---|
| Formato: | Capítulo de libro |
| Lenguaje: | eslovaco |
| Materias: | |
| Etiquetas: |
Sin Etiquetas, Sea el primero en etiquetar este registro!
|
MARC
| LEADER | 00000nla a2200000 4500 | ||
|---|---|---|---|
| 001 | 0167225 | ||
| 005 | 20240502072921.6 | ||
| 041 | 0 | |a slo | |
| 044 | |a SK | ||
| 245 | 1 | 0 | |a Zamestnanosť v cestovnom ruchu Slovenska |c Mária Pachingerová |
| 520 | |a Možnosti rozvoja cestovného ruchu, ktorý predpokladá tvorbu nových pracovných miest. Nezamestnanosť v cestovnom ruchu na Slovensku a jej prejavy v rôznych podobách. | ||
| 610 | 2 | 0 | |a ruch cestovný |
| 610 | 2 | 0 | |a strediská ruchu cestovného |
| 610 | 2 | 0 | |a zariadenia rekreačné |
| 610 | 2 | 0 | |a hotelierstvo |
| 610 | 2 | 0 | |a Slovensko |
| 610 | 2 | 0 | |a zamestnanosť |
| 610 | 2 | 0 | |a nezamestnanosť |
| 100 | 1 | |a Pachingerová, Mária | |